000 00330nam a2200145 i 4500
001 bg
100 1 _aLITVINOVA, E. I.
245 0 _aMetall dlja emalirowanija /
_cE.I. Litvinova.
250 _aIzd.2.
260 _aMoskva,
_c1975.
040 _cBPK
041 _apol
942 _cKS
008 s pl f |000 0 pol
999 _c16078
_d16078
856 _uhttp://koha.tu.koszalin.pl/cgi-bin/koha/opac-detail.pl?biblionumber=16078
_yKatalog online BPK